El intercambio de información tributaria internacional para la imposición de los capitales de los residentes en el exterior (Registro nro. 32314)

Detalles MARC
000 -LEADER
fixed length control field 00407 a2200109 4500
001 - CONTROL NUMBER
control field ART_39788
005 - DATE AND TIME OF LATEST TRANSACTION
control field 20260410162012.0
008 - FIXED-LENGTH DATA ELEMENTS--GENERAL INFORMATION
fixed length control field 260409a
100 1# - MAIN ENTRY--PERSONAL NAME
Personal name Arceo, Nicolás
245 10 - TITLE STATEMENT
Title El intercambio de información tributaria internacional para la imposición de los capitales de los residentes en el exterior
773 0# - HOST ITEM ENTRY
Title Realidad económica
Related parts - Nº 229 (jul./ago. 2007)
Record control number REV39723

No hay ítems disponibles.